International migration

Saved in:
Bibliographic Details
Format: Serial
Language:English
Published: Hague Intergovernmental Committee for European Migration 1975
Tags: Add Tag
No Tags, Be the first to tag this record!

MARC

LEADER 00000nas2a2200000$$$4500
001 0016856
005 20250730114348.4
041 0 |a eng 
044 |a NL 
245 1 0 |a International migration 
264 1 |a Hague  |b Intergovernmental Committee for European Migration  |c 1975 
300 |a 1 zv. 
773 0 |w eu_un_cat*0016853